<?xml version="1.0" encoding="UTF-8"?>
<record
    xmlns:xsi="http://www.w3.org/2001/XMLSchema-instance"
    xsi:schemaLocation="http://www.loc.gov/MARC21/slim http://www.loc.gov/standards/marcxml/schema/MARC21slim.xsd"
    xmlns="http://www.loc.gov/MARC21/slim">

  <leader>01901    a2200205   4500</leader>
  <controlfield tag="001">36402</controlfield>
  <controlfield tag="005">20260407155639.0</controlfield>
  <controlfield tag="008">260407a1974    arg                 spa d</controlfield>
  <controlfield tag="003">AR-UNSa-BCEJYS</controlfield>
  <datafield tag="040" ind1=" " ind2=" ">
    <subfield code="a">AR-UNSa-BCEJYS</subfield>
    <subfield code="b">spa</subfield>
    <subfield code="c">AR-UNSa-BCEJYS</subfield>
  </datafield>
  <datafield tag="080" ind1=" " ind2=" ">
    <subfield code="a">658.15</subfield>
    <subfield code="x">Administraci&#xF3;n financiera privada. Gesti&#xF3;n financiera de empresas
</subfield>
  </datafield>
  <datafield tag="245" ind1="1" ind2="0">
    <subfield code="a">Financiaci&#xF3;n internacional</subfield>
  </datafield>
  <datafield tag="020" ind1=" " ind2=" ">
    <subfield code="a">84-309-0483-2</subfield>
  </datafield>
  <datafield tag="264" ind1=" " ind2="1">
    <subfield code="a">Madrid :</subfield>
    <subfield code="b">Tecnos</subfield>
    <subfield code="c">1974</subfield>
  </datafield>
  <datafield tag="300" ind1=" " ind2=" ">
    <subfield code="a">331 p.</subfield>
    <subfield code="c">24 cm.</subfield>
  </datafield>
  <datafield tag="505" ind1=" " ind2=" ">
    <subfield code="a">I. El mecanismo de ajuste con tipos de cambio fijos: 1. De la balanza de pagos - 2. Mito y realidades del llamado patr&#xF3;n oro - 3. El problema de las transferencias y la estabilidad del cambio - 4. Algunas implicaciones de la experiencia de Puerto Rico - II. Ajuste mediante variaciones en los tipos de cambio : 5. El mercado de cambio y la estabilidad de la balanza de pagos: un an&#xE1;lisis teor&#xED;co - 6. El papel del dinero en la estabilidad de la balanza comercial; s&#xED;ntesis de los enfoques de elasticidad y absorci&#xF3;n - 7. Datos sobre el mecanismo internacional de precios - 8. La doctrina de paridad del poder adquisitivo - 9. Flexibilidad limitada del tipo de cambio - 10. Areas monetarias &#xF3;ptimas - III. Pol&#xED;tica gubernamental y ajuste de la balanza de pagos: 11. Hacia una teor&#xED;a general de la balanza de pagos - 12. Representaci&#xF3;n geom&#xE9;trica de pol&#xED;ticas para obtener el equilibrio interno y externo - 13. Pol&#xED;ticas financieras nacionales con tipos de cambio fijo y flotante - 14. Problemas te&#xF3;ricos del sistema monetario internacional - IV. Liqu&#xED;dez internacional y movimientos internacionales de capital: 15. La regla de la consigna de las reservas internacionales: creaci&#xF3;n de reservas y transferencias de recursos - 16. La invensi&#xF3;n internacional actual a la luz de la experiencia del siglo XIX.</subfield>
  </datafield>
  <datafield tag="942" ind1=" " ind2=" ">
    <subfield code="c">BK</subfield>
  </datafield>
  <datafield tag="590" ind1=" " ind2=" ">
    <subfield code="a">niveau_biblio:m niveau_hierar:0</subfield>
  </datafield>
  <datafield tag="100" ind1="1" ind2=" ">
    <subfield code="a">Cooper, R.N.</subfield>
  </datafield>
  <datafield tag="999" ind1=" " ind2=" ">
    <subfield code="c">2644</subfield>
    <subfield code="d">2644</subfield>
  </datafield>
  <datafield tag="952" ind1=" " ind2=" ">
    <subfield code="0">0</subfield>
    <subfield code="1">0</subfield>
    <subfield code="4">0</subfield>
    <subfield code="7">0</subfield>
    <subfield code="a">BCEJYS</subfield>
    <subfield code="b">BCEJYS</subfield>
    <subfield code="c">16</subfield>
    <subfield code="d">2026-04-07</subfield>
    <subfield code="l">0</subfield>
    <subfield code="o">658.15 C776</subfield>
    <subfield code="p">L53229</subfield>
    <subfield code="r">2026-04-07 15:56:39</subfield>
    <subfield code="w">2026-04-07</subfield>
    <subfield code="y">L</subfield>
  </datafield>
</record>
